000 00401nam a22001697a 4500
003 MPLRDC
005 20220104123356.0
008 210129b ||||| |||| 00| 0 eng d
082 _a435.4 GMX
100 _a顾梅仙编著
245 _a养花知识
_c
250 _a一版一刷
260 _a
_b中国林业出版社
_c1983
300 _b
650 _a观赏园艺
942 _cBK
_o435.4 GMX
999 _c10920
_d10910